Il primo Compagno dello scolaretto, ossia primi esercizi di Lettura, scrittura e Lingua. Seconda edizione riveduta. Parte ii

Saved in:
Bibliographic Details
Main Author: Mor, Carlo Antonio.
Other Authors: Mor, Carlo Antonio Mor, Eugenio.
Format: Book
Language:Italian
Published: Parma Casa Edit. Luigi Battei 1891
Textbook Catalogue:EDISCO:  Library Catalog Search Result
Textbook Classification:
Tags: Add Tag
No Tags, Be the first to tag this record!
Added to:2016-04-30
Changed in:2017-10-04

MARC

LEADER 00000aam a22000007 4500
001 22663
003 OSt
005 20171004090728.0
008 160501s1891 it 000 0 ita
040 |c Paola Zonca - Torino - SBN 
041 1 |a ita 
100 1 |a Mor, Carlo Antonio. 
245 0 0 |a Il primo Compagno dello scolaretto, ossia primi esercizi di Lettura, scrittura e Lingua. Seconda edizione riveduta. Parte ii 
260 |a Parma  |b Casa Edit. Luigi Battei  |c 1891 
300 |a 16 fig. p., ;  
510 3 |a CENT. 20. 
901 |a 7 
700 1 |a Mor, Carlo Antonio  |a Mor, Eugenio. 
942 |2 ddc  |c BK 
546 |a ita 
999 |c 22652  |d 22652 
999 |c edisco:22652  |d 22652